<?xml version="1.0" encoding="UTF-8"?>
<record
    xmlns:xsi="http://www.w3.org/2001/XMLSchema-instance"
    xsi:schemaLocation="http://www.loc.gov/MARC21/slim http://www.loc.gov/standards/marcxml/schema/MARC21slim.xsd"
    xmlns="http://www.loc.gov/MARC21/slim">

  <leader>00511nam a2200169Ia 4500</leader>
  <controlfield tag="003">OSt</controlfield>
  <controlfield tag="005">20200821110604.0</controlfield>
  <controlfield tag="008">190216s9999||||xx |||||||||||||| ||und||</controlfield>
  <datafield tag="020" ind1=" " ind2=" ">
    <subfield code="a">9788184870725</subfield>
  </datafield>
  <datafield tag="040" ind1=" " ind2=" ">
    <subfield code="c">oclc</subfield>
  </datafield>
  <datafield tag="082" ind1=" " ind2=" ">
    <subfield code="a">620.5</subfield>
    <subfield code="b">SHA/P</subfield>
  </datafield>
  <datafield tag="100" ind1=" " ind2=" ">
    <subfield code="a">Shah, M A</subfield>
    <subfield code="9">4253</subfield>
  </datafield>
  <datafield tag="245" ind1=" " ind2="0">
    <subfield code="a">Principles Of Nanoscience And Nanotechnology /</subfield>
    <subfield code="c">M A Shah ; Tokeer Ahmad</subfield>
  </datafield>
  <datafield tag="260" ind1=" " ind2=" ">
    <subfield code="b">Narosa Publishing House,</subfield>
    <subfield code="c">2013.</subfield>
    <subfield code="a">New Delhi:</subfield>
  </datafield>
  <datafield tag="300" ind1=" " ind2=" ">
    <subfield code="a">199p</subfield>
  </datafield>
  <datafield tag="942" ind1=" " ind2=" ">
    <subfield code="c">BK</subfield>
    <subfield code="2">ddc</subfield>
    <subfield code="h">620.5</subfield>
    <subfield code="i">SHA/P</subfield>
    <subfield code="k">620.5</subfield>
    <subfield code="m">SHA/P</subfield>
  </datafield>
  <datafield tag="952" ind1=" " ind2=" ">
    <subfield code="0">0</subfield>
    <subfield code="1">0</subfield>
    <subfield code="2">ddc</subfield>
    <subfield code="4">0</subfield>
    <subfield code="7">0</subfield>
    <subfield code="8"> Engineering &amp; allied operations </subfield>
    <subfield code="a">MES</subfield>
    <subfield code="b">MES</subfield>
    <subfield code="c">CHE</subfield>
    <subfield code="d">2019-02-20</subfield>
    <subfield code="g">250.00</subfield>
    <subfield code="l">6</subfield>
    <subfield code="m">5</subfield>
    <subfield code="o">620.5 SHA/P</subfield>
    <subfield code="p">38388</subfield>
    <subfield code="r">2026-01-19 14:32:13</subfield>
    <subfield code="s">2026-01-13</subfield>
    <subfield code="t">1</subfield>
    <subfield code="w">2019-02-20</subfield>
    <subfield code="y">BK</subfield>
    <subfield code="z">GL29R4</subfield>
  </datafield>
  <datafield tag="952" ind1=" " ind2=" ">
    <subfield code="0">0</subfield>
    <subfield code="1">0</subfield>
    <subfield code="2">ddc</subfield>
    <subfield code="4">0</subfield>
    <subfield code="7">0</subfield>
    <subfield code="8"> Engineering &amp; allied operations </subfield>
    <subfield code="a">MES</subfield>
    <subfield code="b">MES</subfield>
    <subfield code="c">CHE</subfield>
    <subfield code="d">2019-02-20</subfield>
    <subfield code="g">250.00</subfield>
    <subfield code="l">2</subfield>
    <subfield code="m">5</subfield>
    <subfield code="o">620.5 SHA/P</subfield>
    <subfield code="p">38389</subfield>
    <subfield code="r">2020-06-02 00:00:00</subfield>
    <subfield code="s">2020-03-11</subfield>
    <subfield code="t">2</subfield>
    <subfield code="w">2019-02-20</subfield>
    <subfield code="y">BK</subfield>
    <subfield code="z">GL29R4</subfield>
  </datafield>
  <datafield tag="952" ind1=" " ind2=" ">
    <subfield code="0">0</subfield>
    <subfield code="1">0</subfield>
    <subfield code="2">ddc</subfield>
    <subfield code="4">0</subfield>
    <subfield code="7">0</subfield>
    <subfield code="8"> Engineering &amp; allied operations </subfield>
    <subfield code="a">MES</subfield>
    <subfield code="b">MES</subfield>
    <subfield code="c">CHE</subfield>
    <subfield code="d">2019-02-20</subfield>
    <subfield code="g">250.00</subfield>
    <subfield code="l">6</subfield>
    <subfield code="m">6</subfield>
    <subfield code="o">620.5 SHA/P</subfield>
    <subfield code="p">39074</subfield>
    <subfield code="r">2026-01-14 16:37:33</subfield>
    <subfield code="s">2025-12-24</subfield>
    <subfield code="t">3</subfield>
    <subfield code="w">2019-02-20</subfield>
    <subfield code="y">BK</subfield>
    <subfield code="z">GL29R4</subfield>
  </datafield>
  <datafield tag="999" ind1=" " ind2=" ">
    <subfield code="c">3633</subfield>
    <subfield code="d">3633</subfield>
  </datafield>
</record>
